Name the US Game Show - Statistics

General Stats
  • This quiz has been taken 172 times
  • The average score is 8 of 15
Answer Stats
Hint Answer % Correct
Richard Dawson, Ray Combs, Louie Anderson, Richard Karn, John O'Hurley, Steve Harvey Family Feud
94%
Pat Sajak (syndicated) Wheel of Fortune
94%
Art Fleming, Alex Trebek Jeopardy!
91%
Bill Cullen, Bob Barker, Drew Carey The Price is Right
91%
Regis Philbin, Meredith Vieira, Cedric the Entertainer, Terry Crews, Chris Harrison (2015 - ???) Who Wants to Be a Millionaire?
81%
Howie Mandell (NBC and syndicated) Deal or No Deal
76%
Monty Hall, Wayne Brady Let's Make a Deal
66%
Dick Clark, Bill Cullen, Donny Osmond, Mike Richards Pyramid
56%
Gene Rayburn, Ross Shafer, Michael Burger Match Game
44%
Bob Saget (NBC), Carrie Ann Inaba (GSN) 1 vs. 100
37%
Marc Summers, Jason Harris (both hosted the Nickelodeon version) Double Dare
32%
Peter Tomarken (CBS) Press Your Luck
32%
Jim Perry, Bob Eubanks, Bill Rafferty Card Sharks
25%
Chris Jericho (ABC) Downfall
7%
Paul Reubens You Don't Know Jack
5%
No matching quizzes found
Score Distribution
Percent of People with Each Score
Percentile by Number Answered
Your Score History
You have not taken this quiz